[Event "Sveins 5. minneturnering"]
[Site "Oslo"]
[Date "2012.06.22"]
[Round "5"]
[White "Frisk, Ellinor"]
[Black "Johansen, Stian"]
[Result "1-0"]
[WhiteElo "2181"]
[BlackElo "1997"]
[PlyCount "105"]
[EventDate "2012.??.??"]

1. Nf3 Nf6 2. c4 c5 3. g3 g6 4. Bg2 Bg7 5. Nc3 Nc6 6. d4 d5 7. O-O O-O 8. cxd5
Nxd5 9. Nxd5 Qxd5 10. Be3 cxd4 11. Nxd4 Qd7 12. Nxc6 bxc6 13. Qc2 Rb8 14. Rab1
Qc7 15. Bf4 e5 16. Bd2 Bf5 17. e4 Be6 18. b3 c5 19. Rfc1 Rfc8 20. Bf1 Qe7 21.
Be3 Bf8 22. Bc4 Bg4 23. Be2 Be6 24. Kg2 Qd7 25. Rd1 Bh3+ 26. Kg1 Qc7 27. Rbc1
Be6 28. Ba6 Rd8 29. Bc4 Bg4 30. Be2 Rxd1+ 31. Rxd1 Bxe2 32. Qxe2 Rd8 33. Rc1
Qa5 34. Qc2 Qb4 35. Qc4 Qa5 36. Qe2 Qb4 37. Rc4 Qa5 38. Kg2 Be7 39. Qc2 f6 40.
Qe2 Kf7 41. Ra4 Qb6 42. h4 a5 43. h5 Kg7 44. Rc4 Qc6 45. h6+ Kf8 46. Qc2 Rc8
47. Qc3 Kf7 48. Qxa5 Ra8 49. Qd2 f5 50. f3 Rd8 51. Qf2 fxe4 52. fxe4+ Ke6 53.
Qc2 
1-0

[Event "Sveins 5. minneturnering"]
[Site "Oslo"]
[Date "2012.06.22"]
[Round "5"]
[White "Hauge, Lars Oskar"]
[Black "De Seroux, Camille"]
[Result "1-0"]
[WhiteElo "2071"]
[BlackElo "2128"]
[PlyCount "63"]
[EventDate "2012.??.??"]

1. c4 Nf6 2. g3 g6 3. Nc3 Bg7 4. Bg2 O-O 5. e4 d6 6. Nge2 c5 7. O-O Nc6 8. d3
a6 9. a4 Bd7 10. h3 Ne8 11. Be3 Nc7 12. d4 cxd4 13. Nxd4 Nxd4 14. Bxd4 Bxd4 15.
Qxd4 Ne6 16. Qe3 Rc8 17. b3 Re8 18. Nd5 b5 19. cxb5 axb5 20. a5 Nc5 21. f4 b4
22. f5 Bb5 23. Rf4 g5 24. Rf2 f6 25. Nxb4 Ra8 26. Rfa2 Ra7 27. Nd5 Qb8 28. b4
Nd3 29. Bf1 Ne5 30. Bxb5 Qxb5 31. Qxa7 Qd3 32. Qe3 
1-0

[Event "Sveins 5. minneturnering"]
[Site "Oslo"]
[Date "2012.06.22"]
[Round "5"]
[White "Moseng, Geir"]
[Black "Heublum, Harry A"]
[Result "1/2-1/2"]
[WhiteElo "2124"]
[BlackElo "1903"]
[PlyCount "85"]
[EventDate "2012.??.??"]

1. d4 Nf6 2. c4 g6 3. Nc3 Bg7 4. e4 d6 5. Nge2 O-O 6. Ng3 c5 7. d5 e6 8. Be2
exd5 9. cxd5 Re8 10. O-O a6 11. a4 b6 12. Bg5 Nbd7 13. Qd2 Rb8 14. f3 Qc7 15.
Rab1 c4 16. Rfc1 b5 17. axb5 axb5 18. b4 Nf8 19. Ra1 Bd7 20. Ra5 Rb7 21. Qf4
Nh5 22. Nxh5 gxh5 23. Qd2 Ng6 24. Rca1 f5 25. Ra8 fxe4 26. fxe4 h4 27. Bh5 h3
28. Bh6 hxg2 29. Bxg7 Kxg7 30. Bxg6 hxg6 31. Rxe8 Bxe8 32. Qd4+ Kh7 33. Kxg2
Qe7 34. Rf1 Qg5+ 35. Kh1 Rf7 36. Rxf7+ Bxf7 37. Nxb5 Qc1+ 38. Kg2 Qg5+ 39. Kh1
Qc1+ 40. Qg1 Qf4 41. Qe1 Qf3+ 42. Kg1 Qg4+ 43. Kh1 
1/2-1/2

[Event "Sveins 5. minneturnering"]
[Site "Oslo"]
[Date "2012.06.22"]
[Round "5"]
[White "Roholdt, Njaal"]
[Black "Omtvedt, Per"]
[Result "0-1"]
[WhiteElo "1756"]
[BlackElo "2117"]
[PlyCount "68"]
[EventDate "2012.??.??"]

1. e4 Nf6 2. Nc3 d5 3. exd5 Nxd5 4. Nxd5 Qxd5 5. d4 e6 6. Nf3 Nd7 7. c4 Bb4+ 8.
Bd2 Qa5 9. Bd3 O-O 10. O-O Bxd2 11. Nxd2 Nf6 12. a3 c6 13. b4 Qc7 14. Nf3 Rd8
15. Ne5 Bd7 16. c5 b5 17. a4 a6 18. a5 Be8 19. Nf3 Nd5 20. Qd2 f6 21. Rae1 Qd7
22. Bb1 Bh5 23. Be4 Re8 24. Bxd5 Qxd5 25. Qc3 Bxf3 26. gxf3 Rad8 27. Rd1 Qg5+
28. Kh1 Rd5 29. Qe3 Qf5 30. Rg1 Kf7 31. Rg4 g5 32. Rdg1 e5 33. Rxg5 fxg5 34.
Rxg5 Qf4 
0-1

[Event "Sveins 5. minneturnering"]
[Site "Oslo"]
[Date "2012.06.22"]
[Round "5"]
[White "Mihajlov, Svetoslav"]
[Black "Haug, Johannes"]
[Result "0-1"]
[WhiteElo "2092"]
[BlackElo "1886"]
[PlyCount "70"]
[EventDate "2012.??.??"]

1. d4 Nf6 2. c4 g6 3. Nc3 d5 4. cxd5 Nxd5 5. e4 Nxc3 6. bxc3 Bg7 7. Bc4 c5 8.
Ne2 O-O 9. O-O Nc6 10. Be3 Qc7 11. Rc1 Rd8 12. Bf4 Be5 13. Bg3 Bxg3 14. fxg3 e6
15. Qd2 a6 16. Qh6 b5 17. Bd3 Qa7 18. Kh1 cxd4 19. cxd4 Nxd4 20. Nf4 Qe7 21. e5
Nf5 22. Qh3 Bb7 23. g4 Qh4 24. Rc7 Qxh3 25. Nxh3 Rxd3 26. Rxb7 Ne3 27. Rfxf7
Rc8 28. Ng1 Rd1 29. Rg7+ Kh8 30. Rxh7+ Kg8 31. Rbg7+ Kf8 32. Ra7 Kg8 33. Rhb7
Nxg4 34. h3 Rxg1+ 35. Kxg1 Rc1# 
0-1

[Event "Sveins 5. minneturnering"]
[Site "Oslo"]
[Date "2012.06.22"]
[Round "5"]
[White "Eriksen, Dag"]
[Black "Lund, Terje"]
[Result "0-1"]
[WhiteElo "1656"]
[BlackElo "2053"]
[PlyCount "90"]
[EventDate "2012.??.??"]

1. e4 Nf6 2. e5 Nd5 3. Bc4 Nb6 4. Bb3 d5 5. d4 Bf5 6. Ne2 e6 7. O-O c5 8. c3
Nc6 9. Be3 cxd4 10. Nxd4 Bg6 11. Nxc6 bxc6 12. Nd2 Be7 13. Nf3 O-O 14. Qe2 Nd7
15. c4 Bh5 16. cxd5 cxd5 17. Bd4 Qb8 18. Qe3 Bxf3 19. gxf3 Rc8 20. Rac1 a5 21.
Rxc8+ Qxc8 22. Rc1 Qb7 23. Qc3 Bg5 24. Qc7 Qb5 25. Qc6 Qxc6 26. Rxc6 Bf4 27.
Kg2 Nxe5 28. Rb6 Ng6 29. Kh3 Bd2 30. Be3 Bb4 31. a3 Be7 32. Rb7 Bf6 33. Ba4 h6
34. Ra7 Rxa7 35. Bxa7 Bxb2 36. Bb6 Bxa3 37. Bxa5 Bc5 38. Kg3 f5 39. f4 Bd6 40.
Bd2 Ne7 41. Kh4 Kf7 42. Kh5 g6+ 43. Kxh6 Ng8+ 44. Kh7 Nf6+ 45. Kh8 Bf8 
0-1

[Event "Sveins 5. minneturnering"]
[Site "Oslo"]
[Date "2012.06.22"]
[Round "5"]
[White "Hansen, Erle Andrea Marki"]
[Black "Salomon, Johan"]
[Result "0-1"]
[WhiteElo "1853"]
[BlackElo "2052"]
[PlyCount "68"]
[EventDate "2012.??.??"]

1. d4 Nf6 2. Nf3 g6 3. b3 Bg7 4. Bb2 O-O 5. g3 d5 6. Bg2 Ne4 7. c4 e6 8. Nbd2
c5 9. cxd5 exd5 10. O-O Nc6 11. e3 Bf5 12. Nh4 cxd4 13. Nxf5 gxf5 14. exd4 Nxd4
15. Rb1 Ne6 16. Bxg7 Kxg7 17. Rc1 Qf6 18. Nf3 Rad8 19. Nh4 N6g5 20. Qh5 f4 21.
Qg4 Kh8 22. gxf4 Ne6 23. f5 Nd4 24. Bxe4 dxe4 25. Qxe4 Qxh4 26. f4 Qg4+ 27. Kh1
Qxf5 28. Qxf5 Nxf5 29. Rc7 Nd6 30. f5 Kg7 31. f6+ Kg6 32. Rc3 Ne4 33. Rcf3 Rd5
34. Rg1+ Rg5 
0-1

[Event "Sveins 5. minneturnering"]
[Site "Oslo"]
[Date "2012.06.22"]
[Round "5"]
[White "Diaz, Linda"]
[Black "Wibe, Per H."]
[Result "0-1"]
[WhiteElo "2007"]
[BlackElo "1849"]
[PlyCount "38"]
[EventDate "2012.??.??"]

1. d4 Nf6 2. Nc3 d5 3. Bg5 Nbd7 4. f3 h6 5. Bh4 c6 6. e4 dxe4 7. fxe4 Qa5 8.
Qd2 e5 9. dxe5 Nxe5 10. Qf4 Bd6 11. Qd2 Bb4 12. Bxf6 gxf6 13. Nge2 Nc4 14. Qd4
Nxb2 15. Qxf6 Rg8 16. Rb1 Na4 17. Kf2 Bxc3 18. Nxc3 Qc5+ 19. Ke1 Nxc3 
0-1

[Event "Sveins 5. minneturnering"]
[Site "Oslo"]
[Date "2012.06.22"]
[Round "5"]
[White "Gonzàlez, Francisco Silva"]
[Black "Machlik, Jon"]
[Result "1-0"]
[WhiteElo "1991"]
[BlackElo "1701"]
[PlyCount "83"]
[EventDate "2012.??.??"]

1. d4 f5 2. e4 fxe4 3. Nc3 Nf6 4. Bg5 g6 5. Bxf6 exf6 6. Nxe4 d5 7. Ng3 Bh6 8.
Nf3 O-O 9. Be2 Nc6 10. O-O Be6 11. c3 Qd6 12. Bd3 Rfe8 13. Nd2 Ne7 14. Nb3 c6
15. Nc5 Bc8 16. b4 Qf4 17. Re1 Qd2 18. Qb3 Kf7 19. Re2 Qf4 20. Rae1 Bg4 21. Re4
Qd2 22. Nf1 Qg5 23. Nxb7 Bf3 24. Ng3 Qd2 25. gxf3 Qxd3 26. Nd6+ Kf8 27. Nxe8
dxe4 28. Nd6 Nd5 29. fxe4 Rd8 30. Nb7 Re8 31. Rd1 Qxc3 32. exd5 Re1+ 33. Rxe1
Qxe1+ 34. Kg2 Bf4 35. dxc6 Bxg3 36. hxg3 Qe4+ 37. Qf3 Qxd4 38. Nc5 Qxb4 39.
Qxf6+ Kg8 40. Qd8+ Kf7 41. Qd5+ Kf6 42. c7 1-0

[Event "Sveins 5. minneturnering"]
[Site "Oslo"]
[Date "2012.06.22"]
[Round "5"]
[White "Kjølberg, Jens Hjorth"]
[Black "Sætre, Mathias"]
[Result "1-0"]
[WhiteElo "1982"]
[BlackElo "1695"]
[PlyCount "103"]
[EventDate "2012.??.??"]

1. e4 e6 2. d4 d5 3. Nd2 c5 4. exd5 Qxd5 5. dxc5 Bxc5 6. Ngf3 Nc6 7. Bc4 Qd6 8.
O-O Nf6 9. Qe2 Bd7 10. Nb3 Bb6 11. Rd1 Qe7 12. Bg5 h6 13. Bh4 g5 14. Bg3 O-O-O
15. Nfd4 h5 16. Nb5 Ne8 17. a4 h4 18. Nd6+ Nxd6 19. Bxd6 Qf6 20. a5 Bc7 21.
Bxc7 Kxc7 22. Nc5 h3 23. Nxd7 Rxd7 24. Rxd7+ Kxd7 25. Bb5 Kc7 26. Bxc6 bxc6 27.
Qe3 Kb8 28. Ra3 Rd8 29. Rb3+ Ka8 30. gxh3 Qf5 31. a6 g4 32. hxg4 Qxg4+ 33. Qg3
Qe4 34. Rd3 Qe1+ 35. Kg2 Qe4+ 36. Kf1 Rc8 37. Qf3 Qxf3 38. Rxf3 f5 39. Re3 Re8
40. h4 Kb8 41. Rb3+ Ka8 42. Rb7 Rh8 43. Rc7 Kb8 44. Rxc6 Rxh4 45. Rxe6 Kc7 46.
Rf6 Rb4 47. b3 Rb6 48. Rxb6 Kxb6 49. Ke2 Kxa6 50. Kf3 Kb5 51. c3 a5 52. Kf4 1-0

[Event "Sveins 5. minneturnering"]
[Site "Oslo"]
[Date "2012.06.22"]
[Round "5"]
[White "Kjøita, Henning"]
[Black "Edakina, Maria"]
[Result "1-0"]
[WhiteElo "1970"]
[BlackElo "1628"]
[PlyCount "117"]
[EventDate "2012.??.??"]

1. e4 e5 2. Nf3 Nf6 3. Nc3 Nc6 4. d4 exd4 5. Nxd4 Bb4 6. Nxc6 bxc6 7. Bd3 O-O
8. O-O d5 9. exd5 cxd5 10. Bg5 c6 11. Ne2 Re8 12. Nd4 Qd6 13. c3 Bc5 14. Qa4
Bd7 15. Bxf6 Qxf6 16. Rfe1 Rab8 17. Rxe8+ Rxe8 18. Nf3 Bb6 19. Qh4 Qxh4 20.
Nxh4 g6 21. Kf1 a5 22. Nf3 c5 23. Re1 Rxe1+ 24. Kxe1 f6 25. h3 Kf7 26. Ba6 Bf5
27. Nd2 Ke7 28. Bb7 Kd6 29. Ke2 Bd7 30. c4 Bc6 31. Bxc6 Kxc6 32. Kd3 d4 33. Ne4
Bd8 34. g4 Be7 35. f3 Kd7 36. Ng3 Ke6 37. Ke4 Bd6 38. f4 Ke7 39. Ne2 Kd7 40. f5
Be5 41. fxg6 hxg6 42. Nc1 Ke6 43. Nb3 Kd6 44. Kd3 a4 45. Nd2 f5 46. b3 axb3 47.
Nxb3 f4 48. Nd2 Kc6 49. h4 Bd6 50. h5 g5 51. Ke4 Kb6 52. h6 Bf8 53. h7 Bg7 54.
Nf3 Ka5 55. Nxg5 Kb4 56. Kd3 Ka3 57. Ne6 Be5 58. Nxf4 Kxa2 59. Ne6 1-0

[Event "Sveins 5. minneturnering"]
[Site "Oslo"]
[Date "2012.06.22"]
[Round "5"]
[White "Olsen, Ulrik"]
[Black "Schjelderup, Nils-Jakob"]
[Result "0-1"]
[WhiteElo "1718"]
[BlackElo "1930"]
[PlyCount "56"]
[EventDate "2012.??.??"]

1. e4 c5 2. Nf3 d6 3. d4 cxd4 4. Nxd4 Nf6 5. Nc3 g6 6. Be3 Bg7 7. f3 O-O 8. Qd2
Nc6 9. Bc4 Bd7 10. g4 Ne5 11. Bb3 Qa5 12. O-O-O Rfc8 13. h4 Nc4 14. Bxc4 Rxc4
15. Nb3 Qa6 16. Bh6 Bh8 17. Kb1 Rac8 18. h5 Be6 19. hxg6 fxg6 20. Bg5 Bg7 21.
Bxf6 Bxf6 22. Qh6 Rxc3 23. Qxh7+ Kf8 24. bxc3 Rxc3 25. g5 Bxb3 26. cxb3 Rxb3+
27. Kc1 Qxa2 28. gxf6 Rb1# 
0-1

[Event "Sveins 5. minneturnering"]
[Site "Oslo"]
[Date "2012.06.22"]
[Round "5"]
[White "Rødvik, Trym Daniel"]
[Black "Jørgensen, Line Jin"]
[Result "0-1"]
[WhiteElo "1926"]
[BlackElo "1876"]
[PlyCount "106"]
[EventDate "2012.??.??"]

1. e4 c5 2. Nf3 Nc6 3. Bb5 g6 4. O-O Bg7 5. Bxc6 bxc6 6. Re1 d5 7. e5 e6 8. d3
Ne7 9. c4 O-O 10. Nc3 Nf5 11. Na4 dxc4 12. dxc4 Qxd1 13. Rxd1 Nd4 14. Nxd4 cxd4
15. f4 f6 16. Rxd4 fxe5 17. Re4 exf4 18. Bxf4 Rf5 19. Rae1 c5 20. Be5 Bb7 21.
R4e2 Bf8 22. Bg3 Bc8 23. Rd2 Kf7 24. Bd6 Bd7 25. Nxc5 Rxc5 26. Bxf8 Kxf8 27.
Rxd7 Rxc4 28. Rxe6 Kg8 29. h3 Rc2 30. Rb7 Rd8 31. Ree7 a5 32. Rg7+ Kh8 33.
Rxh7+ Kg8 34. Rbg7+ Kf8 35. Rc7 Rxc7 36. Rxc7 Rd2 37. Rb7 a4 38. a3 Ke8 39. Kh2
Kd8 40. Kg3 Kc8 41. Rb4 Kd7 42. Rxa4 Rxb2 43. Ra6 Ke7 44. h4 Kf7 45. Ra7+ Kf6
46. Kh3 Rb6 47. a4 g5 48. hxg5+ Kxg5 49. Rg7+ Kf5 50. Rf7+ Kg5 51. Rf3 Ra6 52.
Ra3 Kf4 53. a5 Rh6# 0-1

[Event "Sveins 5. minneturnering"]
[Site "Oslo"]
[Date "2012.06.22"]
[Round "5"]
[White "Arntsen, Frode"]
[Black "Langmyhr, Tore"]
[Result "0-1"]
[WhiteElo "1815"]
[BlackElo "1905"]
[PlyCount "60"]
[EventDate "2012.??.??"]

1. c4 e5 2. g3 Nc6 3. Bg2 Nf6 4. Nc3 Bc5 5. e3 O-O 6. Nge2 Re8 7. d3 d6 8. O-O
Bg4 9. h3 Bh5 10. a3 a5 11. Qc2 Bg6 12. e4 Nd7 13. Be3 Ne7 14. Bxc5 Nxc5 15. f4
f5 16. b4 Ne6 17. Nd5 axb4 18. Nxe7+ Qxe7 19. exf5 Bxf5 20. fxe5 Bg6 21. Bxb7
Rxa3 22. Rxa3 bxa3 23. Nf4 Nxf4 24. gxf4 dxe5 25. Bd5+ Kh8 26. f5 Bf7 27. Be4
Rb8 28. Rb1 Qc5+ 29. Kg2 Rxb1 30. Qxb1 Qb6 
0-1

[Event "Sveins 5. minneturnering"]
[Site "Oslo"]
[Date "2012.06.22"]
[Round "5"]
[White "Kjøita, Torgeir"]
[Black "Østby, Martin Bergsjø"]
[Result "1/2-1/2"]
[WhiteElo "1880"]
[BlackElo "1734"]
[PlyCount "118"]
[EventDate "2012.??.??"]

1. e4 e5 2. Nf3 Nc6 3. d4 exd4 4. Nxd4 Nf6 5. Nc3 Bb4 6. Nxc6 bxc6 7. Bd3 O-O
8. O-O d5 9. exd5 cxd5 10. Bg5 c6 11. h3 h6 12. Bh4 Bd6 13. Qf3 Be6 14. Nd1 Be7
15. Ne3 Nd7 16. Bxe7 Qxe7 17. Rfd1 Ne5 18. Qg3 Nxd3 19. cxd3 Qf6 20. b3 a5 21.
Rac1 Rfc8 22. Qd6 Ra6 23. Ng4 Bxg4 24. Qxf6 gxf6 25. hxg4 a4 26. b4 a3 27. Rc3
Ra4 28. Rb1 Kg7 29. f3 Kf8 30. b5 c5 31. b6 c4 32. b7 Rb8 33. dxc4 dxc4 34. Kf2
Ra7 35. Ke3 Rbxb7 36. Rxb7 Rxb7 37. Rxa3 Rb2 38. Kd4 Rxg2 39. Kxc4 f5 40. gxf5
h5 41. f6 Kg8 42. Kd5 h4 43. Ra4 h3 44. Rh4 Rxa2 45. Rxh3 Re2 46. f4 Re6 47.
Rh6 Re1 48. Kd4 Re2 49. Kd3 Re1 50. f5 Rd1+ 51. Ke3 Re1+ 52. Kf2 Re5 53. Rh5
Ra5 54. Kg3 Ra6 55. Rh6 Ra1 56. Rh3 Ra6 57. Kf4 Rxf6 58. Kg5 Ra6 59. Rb3 Kg7
1/2-1/2

[Event "Sveins 5. minneturnering"]
[Site "Oslo"]
[Date "2012.06.22"]
[Round "5"]
[White "Sætre, Roger"]
[Black "Rødsmoen, Maud"]
[Result "1-0"]
[WhiteElo "1865"]
[BlackElo "1778"]
[PlyCount "87"]
[EventDate "2012.??.??"]

1. e4 c6 2. d4 d5 3. Nc3 dxe4 4. Nxe4 Bf5 5. Ng3 Bg6 6. h4 h6 7. Nf3 Nd7 8. h5
Bh7 9. Bd3 Bxd3 10. Qxd3 Ngf6 11. Bd2 e6 12. O-O-O Qc7 13. Ne4 Nxe4 14. Qxe4
Nf6 15. Qe2 O-O-O 16. c4 c5 17. Bc3 Bd6 18. Ne5 cxd4 19. Bxd4 Kb8 20. Kb1 Ka8
21. g4 Rhf8 22. b3 Rc8 23. Rh3 a5 24. Rhd3 Bc5 25. Bb2 Qb6 26. f4 Rc7 27. g5
hxg5 28. fxg5 Nh7 29. Nd7 Rxd7 30. Rxd7 Nxg5 31. Bxg7 Rg8 32. h6 a4 33. Qd3
axb3 34. Qxb3 Qxb3+ 35. axb3 Ka7 36. Rd8 Rxd8 37. Rxd8 Ka6 38. Kc2 f5 39. Bd4
Bxd4 40. Rxd4 e5 41. Rd5 Kb6 42. Rxe5 Nf7 43. Rxf5 Nxh6 44. Rf6+ 1-0

[Event "Sveins 5. minneturnering"]
[Site "Oslo"]
[Date "2012.06.22"]
[Round "5"]
[White "Ellingsrud, Bjørn"]
[Black "Riiser, Samuel"]
[Result "0-1"]
[WhiteElo "1693"]
[BlackElo "1825"]
[PlyCount "97"]
[EventDate "2012.??.??"]

1. e4 c5 2. Nf3 d6 3. d4 cxd4 4. Nxd4 Nf6 5. Bd3 a6 6. O-O e6 7. Bg5 Be7 8. h3
b5 9. Re1 O-O 10. c4 Qb6 11. Nb3 Bb7 12. N1d2 Nbd7 13. cxb5 axb5 14. Qe2 Bc6
15. a3 Rfe8 16. Be3 Qb7 17. Bd4 Nc5 18. Nxc5 dxc5 19. Be5 Rad8 20. Rad1 Nd7 21.
Nf3 c4 22. Bb1 Nc5 23. Nd4 f6 24. Nxc6 Qxc6 25. Bc3 Na4 26. Qf3 Bc5 27. Bc2
Nxc3 28. Qxc3 Qb6 29. Re2 Rxd1+ 30. Bxd1 Rd8 31. Bc2 Kf7 32. Rd2 Bd4 33. Qf3 g6
34. Bb1 b4 35. Qd1 Bxf2+ 36. Kh1 Rxd2 37. Qxd2 Qd4 38. Qc1 Be3 39. Qf1 Qxb2 40.
axb4 Qxb4 41. Qd1 Qd2 42. Bc2 Qxd1+ 43. Bxd1 Ke7 44. g4 Kd6 45. Kg2 Ke5 46. Kf3
Kd4 47. Ba4 Bg5 48. Ke2 Kxe4 49. Bc2+ 0-1

[Event "Sveins 5. minneturnering"]
[Site "Oslo"]
[Date "2012.06.22"]
[Round "5"]
[White "MacArthur, John"]
[Black "Jacobsen, Trond"]
[Result "1/2-1/2"]
[WhiteElo "2035"]
[BlackElo "1610"]
[PlyCount "87"]
[EventDate "2012.??.??"]

1. d4 d5 2. Nc3 e6 3. e4 dxe4 4. Nxe4 Nf6 5. Bg5 Be7 6. Bxf6 Bxf6 7. Nf3 O-O 8.
c3 b6 9. Bd3 Bb7 10. Qe2 a6 11. h4 Nd7 12. g4 g6 13. g5 Bg7 14. h5 c5 15. O-O-O
cxd4 16. cxd4 b5 17. Kb1 Qb6 18. Rh4 Rfd8 19. Bc2 Rac8 20. hxg6 hxg6 21. Bb3 a5
22. d5 a4 23. dxe6 Bxe4+ 24. Rxe4 axb3 25. exf7+ Kf8 26. Rxd7 Rc1+ 27. Kxc1
Qc6+ 28. Kb1 bxa2+ 29. Kxa2 Qxd7 30. Re8+ Kxf7 31. Ne5+ Bxe5 32. Rxd8 Qxd8 33.
Qxe5 Qa8+ 34. Kb1 Qh1+ 35. Kc2 Qc6+ 36. Kd2 Qd7+ 37. Ke1 Qe6 38. Qxe6+ Kxe6 39.
Kd2 Kf5 40. Ke3 Kxg5 41. Ke4 Kg4 42. f4 b4 43. b3 Kg3 44. Ke3 
1/2-1/2

[Event "Sveins 5. minneturnering"]
[Site "Oslo"]
[Date "2012.06.22"]
[Round "6"]
[White "Urkedal, Frode Olav Olsen"]
[Black "Berg, Emanuel"]
[Result "0-1"]
[WhiteElo "2439"]
[BlackElo "2587"]
[PlyCount "86"]
[EventDate "2012.??.??"]

1. d4 Nf6 2. c4 g6 3. Nc3 d5 4. Bf4 Bg7 5. e3 O-O 6. Qb3 dxc4 7. Bxc4 Nc6 8.
Be2 a5 9. Nf3 Nb4 10. O-O Be6 11. Bc4 Nfd5 12. Be5 b5 13. Bxd5 Nxd5 14. Qxb5 f6
15. Bg3 Rb8 16. Qxa5 Rxb2 17. Na4 Rc2 18. e4 Nb6 19. Rfc1 Qa8 20. Qxa8 Rxc1+
21. Rxc1 Rxa8 22. Nxb6 cxb6 23. d5 Bf7 24. Rc2 f5 25. Ng5 fxe4 26. Nxf7 Kxf7
27. Kf1 Ra5 28. Bc7 Bd4 29. Rc4 Rxd5 30. Bf4 b5 31. Rb4 e5 32. Bg5 Ke6 33. Ke2
Rc5 34. Bh4 Rc2+ 35. Kf1 Rc1+ 36. Ke2 Rc2+ 37. Kf1 Bc3 38. Rxe4 Rxa2 39. f3 b4
40. Rc4 Ra1+ 41. Ke2 Ra2+ 42. Kd3 Rd2+ 43. Ke3 Rd4 
0-1

[Event "Sveins 5. minneturnering"]
[Site "Oslo"]
[Date "2012.06.22"]
[Round "6"]
[White "Smith, Axel"]
[Black "Hebden, Mark L"]
[Result "1-0"]
[WhiteElo "2483"]
[BlackElo "2512"]
[PlyCount "151"]
[EventDate "2012.??.??"]

1. e4 e5 2. Nf3 Nc6 3. Bb5 a6 4. Ba4 Nf6 5. O-O Be7 6. Re1 b5 7. Bb3 O-O 8. d4
d6 9. c3 Bg4 10. Be3 exd4 11. cxd4 d5 12. e5 Ne4 13. Nc3 Bb4 14. Qc1 Bxc3 15.
bxc3 Na5 16. h3 Be6 17. Nh2 h6 18. f3 Ng5 19. Bc2 Nc4 20. h4 Nh7 21. Qb1 f5 22.
exf6 Nxf6 23. Bxh6 Qd7 24. Bg5 c5 25. Bg6 cxd4 26. cxd4 Ne8 27. Re2 Bf5 28.
Bxf5 Qxf5 29. Qxf5 Rxf5 30. Ng4 Ned6 31. Ne5 Rff8 32. Ng6 Rfe8 33. Ne7+ Kh7 34.
Rae1 b4 35. Nxd5 Rxe2 36. Rxe2 a5 37. Rc2 Na3 38. Rc7 Nab5 39. Rd7 Ra7 40. Rxa7
Nxa7 41. Kf2 Nf5 42. Ke2 Nxd4+ 43. Kd3 Ne6 44. Be3 Nb5 45. Kc4 Nd6+ 46. Kb3 Nb7
47. Ka4 Kg6 48. Nf4+ Nxf4 49. Bxf4 Kh5 50. Bg5 Nc5+ 51. Kxa5 b3 52. axb3 Nxb3+
53. Kb4 Nd4 54. Kc3 Ne6 55. Kd3 Kg6 56. Ke3 Kf7 57. g4 g6 58. Bf4 Nc5 59. Be5
Ke6 60. Bd4 Nd7 61. Kf4 Kf7 62. Be3 Kf6 63. Bf2 Nf8 64. Bd4+ Kf7 65. Ke5 Nd7+
66. Kd5 Nf8 67. Bc5 Nd7 68. Ba3 Nb6+ 69. Ke4 Nc4 70. Bc5 Ke6 71. Kf4 Ne5 72.
Bd4 Nf7 73. h5 gxh5 74. gxh5 Ke7 75. Kf5 Kf8 76. Kg6 
1-0

[Event "Sveins 5. minneturnering"]
[Site "Oslo"]
[Date "2012.06.22"]
[Round "6"]
[White "Hillarp Persson, Tiger"]
[Black "Ziska, Helgi Dam"]
[Result "0-1"]
[WhiteElo "2578"]
[BlackElo "2450"]
[PlyCount "64"]
[EventDate "2012.??.??"]

1. d4 Nf6 2. Nf3 g6 3. Nc3 d5 4. Bf4 c6 5. Qd2 Nbd7 6. h4 b5 7. a3 a5 8. Ne5
Nxe5 9. Bxe5 Bg7 10. h5 Rg8 11. hxg6 hxg6 12. f3 Be6 13. e3 Qb6 14. Ne2 g5 15.
Nc1 O-O-O 16. a4 Ne4 17. fxe4 Bxe5 18. dxe5 dxe4 19. Qf2 g4 20. Qg3 bxa4 21.
Rxa4 Qxb2 22. Ba6+ Kc7 23. O-O Qxc2 24. Rxa5 Rd1 25. Ne2 Rxf1+ 26. Kxf1 Rh8 27.
Qe1 Rh1+ 28. Ng1 g3 29. Be2 Bc4 30. Ra7+ Kc8 31. Ra8+ Kb7 32. Qb4+ Kxa8 
0-1

[Event "Sveins 5. minneturnering"]
[Site "Oslo"]
[Date "2012.06.22"]
[Round "6"]
[White "Hagen, Andreas Skytte"]
[Black "Seps, Monika"]
[Result "1-0"]
[WhiteElo "2445"]
[BlackElo "2193"]
[PlyCount "79"]
[EventDate "2012.??.??"]

1. e4 c5 2. Nf3 d6 3. d4 cxd4 4. Nxd4 Nf6 5. Nc3 a6 6. Be3 e5 7. Nf3 Qc7 8. a4
Be7 9. Be2 O-O 10. O-O Nbd7 11. a5 b5 12. axb6 Nxb6 13. Nd2 Bb7 14. Bxb6 Qxb6
15. Nc4 Qc7 16. Ne3 Nxe4 17. Ncd5 Qd8 18. Bf3 Nc5 19. b4 e4 20. Bg4 Ne6 21. Bf5
Bf6 22. Ra5 Be5 23. Qg4 Bxd5 24. Nxd5 Nd4 25. Qh3 Nxf5 26. Qxf5 Re8 27. g3 g6
28. Qxe4 Kh8 29. Qd3 h5 30. Rxa6 Rxa6 31. Qxa6 h4 32. Qc4 hxg3 33. hxg3 Kg7 34.
Kg2 Qa8 35. Qd3 Rc8 36. c4 Qa2 37. Nb6 Rc6 38. Qe3 Qb2 39. c5 dxc5 40. Nc4 1-0

[Event "Sveins 5. minneturnering"]
[Site "Oslo"]
[Date "2012.06.22"]
[Round "6"]
[White "Øgaard, Leif"]
[Black "Meurs, Tom"]
[Result "1/2-1/2"]
[WhiteElo "2408"]
[BlackElo "2246"]
[PlyCount "56"]
[EventDate "2012.??.??"]

1. c4 e5 2. Nc3 Nf6 3. e3 Bb4 4. Nge2 O-O 5. a3 Be7 6. Qc2 c6 7. d4 exd4 8.
Nxd4 d5 9. Nf5 Be6 10. cxd5 Nxd5 11. Nxe7+ Qxe7 12. Bd3 Nxc3 13. bxc3 h6 14.
O-O Nd7 15. c4 f5 16. Bb2 Qf7 17. Bd4 c5 18. Bb2 Rad8 19. Rac1 Nb6 20. Rfe1 Rd7
21. Bf1 Rfd8 22. Qb3 Nc8 23. a4 Nd6 24. f3 b6 25. Be5 Nb7 26. Bc3 Nd6 27. Be5
Nb7 28. Bc3 Nd6 
1/2-1/2

[Event "Sveins 5. minneturnering"]
[Site "Oslo"]
[Date "2012.06.22"]
[Round "6"]
[White "Frisk, Ellinor"]
[Black "Hoi, Carsten"]
[Result "0-1"]
[WhiteElo "2181"]
[BlackElo "2357"]
[PlyCount "82"]
[EventDate "2012.??.??"]

1. e4 g6 2. d4 Bg7 3. Nc3 d6 4. f4 Nc6 5. d5 Nd4 6. Be3 c5 7. dxc6 Nxc6 8. Qd2
Nf6 9. h3 Qa5 10. Nd5 Nxd5 11. exd5 Bxb2 12. Qxa5 Nxa5 13. Rb1 Bc3+ 14. Kf2 b6
15. Ne2 Bg7 16. Nd4 Bd7 17. Ba6 O-O 18. Ke2 Bc8 19. Bd3 Bb7 20. c4 Rfc8 21.
Rhc1 Bxd4 22. Bxd4 Rc7 23. h4 Ba6 24. h5 Bxc4 25. hxg6 fxg6 26. Bxc4 Rxc4 27.
Kd3 Rac8 28. Rh1 Ra4 29. Rh6 Rcc4 30. Ba1 Ra3+ 31. Kd2 Rxa2+ 32. Ke3 Ra3+ 33.
Kd2 Nb3+ 34. Kd3 b5 35. Bb2 Nc5+ 36. Ke2 Rb3 37. Rbh1 Rc2+ 38. Kd1 Rbxb2 39.
Rxh7 Rd2+ 40. Ke1 Nd3+ 41. Kf1 Rd1# 0-1

[Event "Sveins 5. minneturnering"]
[Site "Oslo"]
[Date "2012.06.22"]
[Round "6"]
[White "Westerinen, Heikki M.J"]
[Black "Hauge, Lars Oskar"]
[Result "0-1"]
[WhiteElo "2335"]
[BlackElo "2071"]
[PlyCount "140"]
[EventDate "2012.??.??"]

1. e4 c5 2. Nf3 e6 3. Nc3 a6 4. g3 b5 5. Bg2 Qc7 6. O-O Bb7 7. Re1 Nc6 8. d4
cxd4 9. Nxd4 Nxd4 10. Qxd4 e5 11. Nd5 Bxd5 12. exd5 Bd6 13. a4 b4 14. a5 Rb8
15. Bf1 Ne7 16. Qc4 Qxc4 17. Bxc4 Ra8 18. f4 f6 19. fxe5 fxe5 20. Rf1 Bc5+ 21.
Kg2 Rf8 22. Rxf8+ Kxf8 23. Bd2 d6 24. Ra4 Rb8 25. Kf3 Ke8 26. g4 Kd7 27. Ke4
Rf8 28. Bxa6 Rf2 29. Bg5 Ng8 30. Bb5+ Kc7 31. a6 Nf6+ 32. Bxf6 gxf6 33. a7 Bxa7
34. Rxa7+ Kb6 35. Ra6+ Kxb5 36. Rxd6 Rf4+ 37. Ke3 Kc5 38. Rd8 Rxg4 39. c3 bxc3
40. bxc3 Rh4 41. d6 f5 42. d7 Kc6 43. Rf8 Rh3+ 44. Kf2 Kxd7 45. Rxf5 Ke6 46.
Rf3 Rxh2+ 47. Ke3 Rh5 48. Rg3 Kd5 49. Kd3 Rh4 50. Rg7 Rh3+ 51. Ke2 h5 52. Rc7
h4 53. c4+ Ke4 54. c5 Rh2+ 55. Kf1 Rc2 56. c6 h3 57. Kg1 Kd5 58. Rh7 h2+ 59.
Kh1 Rxc6 60. Kxh2 Rg6 61. Ra7 e4 62. Ra5+ Kd4 63. Ra4+ Ke3 64. Ra8 Ke2 65. Ra2+
Kf3 66. Kh1 e3 67. Rg2 Rh6+ 68. Kg1 e2 69. Rg3+ Kf4 70. Rf3+ Ke4 0-1

[Event "Sveins 5. minneturnering"]
[Site "Oslo"]
[Date "2012.06.22"]
[Round "6"]
[White "Haubro, Sigfred"]
[Black "Christiansen, Johan-Sebastian"]
[Result "0-1"]
[WhiteElo "2135"]
[BlackElo "1995"]
[PlyCount "96"]
[EventDate "2012.??.??"]

1. c4 c5 2. g3 Nc6 3. Bg2 g6 4. Nf3 Bg7 5. O-O e5 6. Nc3 Nge7 7. d3 O-O 8. Rb1
h6 9. a3 f5 10. Nd5 Nxd5 11. cxd5 Ne7 12. b4 cxb4 13. axb4 d6 14. e4 Qe8 15. b5
g5 16. Ba3 Qg6 17. d4 exd4 18. Nxd4 fxe4 19. Ne6 Bxe6 20. dxe6 Rad8 21. Qb3
Rfe8 22. Rbc1 d5 23. Rc7 Qxe6 24. Rxb7 Nc8 25. Re1 Kh8 26. Qd1 Nb6 27. Rxa7 Nc4
28. Ra6 Qd7 29. Bc1 Qxb5 30. Ra7 Qc5 31. Ra6 Rf8 32. Rf1 Qb5 33. Rg6 Ne5 34.
Re6 Qd7 35. Ra6 Qb7 36. Re6 Qf7 37. Ra6 Nd3 38. Ba3 Rfe8 39. Qa4 Re6 40. Ra8
Rxa8 41. Qxa8+ Re8 42. Qa4 Rc8 43. Bh3 Rc4 44. Qa8+ Kh7 45. Qa6 Bd4 46. Be6
Bxf2+ 47. Kg2 Qf3+ 48. Kh3 Nf4# 0-1